000
00301nam a22001337a 4500
008
170314b xxu||||| |||| 00| 0 eng d
020
_a
9780697284259
041
_a
eng
080
_2
5 ED
_a
611
100
_a
7
101
_a
SHM
245
_a
CONCEPT HUMAN ANTOMY PHYSIOLOGY
_c
VAN.K.K
942
_2
udc
_c
BK
999
_c
7744
_d
7744